Jak přejít z účetnictví na daňovou evidenci

Prechod z účtovnej evidencie na evidenciu daňovú. Ukončenie posledného účtovného obdobia. Postup prechodu z hľadiska daní z príjmu. Rozdelenie účtovných položiek do troch skupín podľa vplyvu na základ dane.

Saved in:
Bibliographic Details
Main Author: Děrgel, Martin
Format: Book Chapter
Language:Czech
Subjects:
Tags: Add Tag
No Tags, Be the first to tag this record!

MARC

LEADER 00000naa a2200000 4500
001 0125367
005 20230925092233.2
041 0 |a cze 
044 |a CZ 
245 1 0 |a Jak přejít z účetnictví na daňovou evidenci  |c Martin Děrgel 
520 |a Prechod z účtovnej evidencie na evidenciu daňovú. Ukončenie posledného účtovného obdobia. Postup prechodu z hľadiska daní z príjmu. Rozdelenie účtovných položiek do troch skupín podľa vplyvu na základ dane. 
610 2 0 |a Česko 
610 2 0 |a účtovníctvo 
610 2 0 |a účtovníctvo daňové 
610 2 0 |a evidencia účtovná 
610 2 0 |a skupiny účtové 
610 2 0 |a pohľadávky 
610 2 0 |a položky opravné 
610 2 0 |a majetok hmotný 
610 2 0 |a zásoby 
610 2 0 |a ceniny 
100 1 |a Děrgel, Martin